| 000 | 00551nam a2200181Ia 4500 | ||
|---|---|---|---|
| 003 | GCL | ||
| 008 | 140319s9999 xx 000 0 ara d | ||
| 040 |
_aGCL / _cGCL |
||
| 082 | 0 | 4 |
_a610.69092 _bش م |
| 100 | 1 | _aشاندلر، كارولين | |
| 245 | 1 | 0 |
_aمشاهير رجال الطب المعاصرين / _cشاندلر، كارولين |
| 700 | 1 | _aاحمد بدران | |
| 300 | _a149 ص | ||
| 490 |
_aالهيئة العامة للاستعلامات _v0 |
||
| 650 | 0 | 4 | _aالاطباء |
| 650 | 0 | 4 | _aالطب - تراجم |
| 942 |
_2ddc _cBK |
||
| 999 |
_c50384 _d50384 |
||